{"text_format":"3","workbook":"xlsx","n_sheets":1,"sheets":["t356"],"read":"whole","date_system":"1900"}

{"sheet":"t356","index":0,"n_rows":178,"n_cols":7,"rows_kept":178,"merged":[[0,0,0,6],[30,0,30,5],[44,0,44,5],[146,0,146,5]]}
["TABELA 356.1 - Estatísticas Agrícolas, Município de Morungaba, Estado de São Paulo, 2007/08."]
["ITEM","UNIDADE","N.DE UPAs","MÍNIMO","MÉDIO","MÁXIMO","TOTAL"]
["Distância à sede do município","km",256,0.5,{"v":6.28,"d":"6.3"},{"v":20,"d":"20.0"},"-"]
["Área total","hectare",256,0.5,{"v":41.27,"d":"41.3"},{"v":1210,"d":"1,210.0"},{"v":10564.3,"d":"10,564.3"}]
["Área com cultura perene","hectare",40,0.1,{"v":7.19,"d":"7.2"},75.6,287.6]
["Área com cultura temporária","hectare",79,0.2,{"v":12.25,"d":"12.3"},217.8,967.4]
["Área com pastagem","hectare",225,0.2,{"v":23.24,"d":"23.2"},547.2,{"v":5230,"d":"5,230.0"}]
["Área com reflorestamento","hectare",53,0.1,{"v":33.22,"d":"33.2"},{"v":435,"d":"435.0"},{"v":1760.6,"d":"1,760.6"}]
["Área com vegetação natural","hectare",113,0.1,{"v":9.78,"d":"9.8"},296.8,{"v":1105.2,"d":"1,105.2"}]
["Área com vegetação de brejo e várzea","hectare",5,1.2,{"v":6.28,"d":"6.3"},{"v":16,"d":"16.0"},31.4]
["Área em descanso","hectare",56,0.1,{"v":7.04,"d":"7.0"},{"v":94,"d":"94.0"},{"v":394,"d":"394.0"}]
["Área complementar","hectare",222,0.1,{"v":3.55,"d":"3.6"},{"v":221,"d":"221.0"},788.1]
["Área das UPAs com (0, 1] ha","hectare",3,0.5,{"v":0.53,"d":"0.5"},0.6,1.6]
["Área das UPAs com (1, 2] ha","hectare",7,1.3,{"v":1.64,"d":"1.6"},1.8,11.5]
["Área das UPAs com (2, 5] ha","hectare",63,2.3,{"v":3.63,"d":"3.6"},{"v":5,"d":"5.0"},228.4]
["Área das UPAs com (5, 10] ha","hectare",44,5.2,{"v":7.63,"d":"7.6"},{"v":10,"d":"10.0"},335.5]
["Área das UPAs com (10, 20] ha","hectare",58,10.1,13.7,{"v":20,"d":"20.0"},794.5]
["Área das UPAs com (20, 50] ha","hectare",47,21.1,{"v":31.07,"d":"31.1"},48.4,{"v":1460.2,"d":"1,460.2"}]
["Área das UPAs com (50, 100] ha","hectare",14,50.8,{"v":69.74,"d":"69.7"},94.3,976.4]
["Área das UPAs com (100, 200] ha","hectare",9,{"v":104,"d":"104.0"},{"v":142.94,"d":"142.9"},197.3,{"v":1286.5,"d":"1,286.5"}]
["Área das UPAs com (200, 500] ha","hectare",6,206.2,290.5,493.7,{"v":1743,"d":"1,743.0"}]
["Área das UPAs com (500, 1.000] ha","hectare",4,{"v":605,"d":"605.0"},{"v":629.18,"d":"629.2"},667.9,{"v":2516.7,"d":"2,516.7"}]
["Área das UPAs com (1.000, 2.000] ha","hectare",1,{"v":1210,"d":"1,210.0"},{"v":1210,"d":"1,210.0"},{"v":1210,"d":"1,210.0"},{"v":1210,"d":"1,210.0"}]
["Área das UPAs com (2.000, 5.000] ha","hectare","-","-","-","-","-"]
["Área das UPAs com (5.000, 10.000] ha","hectare","-","-","-","-","-"]
["Área das UPAs acima de 10.000 ha","hectare","-","-","-","-","-"]
["Familiares do proprietário que trabalham na UPA","unidade",137,{"v":1,"d":"1.0"},{"v":1.85,"d":"1.9"},{"v":9,"d":"9.0"},{"v":253,"d":"253.0"}]
["Trabalhadores permanentes","unidade",143,{"v":1,"d":"1.0"},{"v":2.59,"d":"2.6"},{"v":25,"d":"25.0"},{"v":370,"d":"370.0"}]
["Fonte: Secretaria de Agricultura e Abastecimento, CDRS/IEA, Projeto LUPA."]
[]
["TABELA 356.2 - Explorações Animais, Município de Morungaba, Estado de São Paulo, 2007/08."]
["ITEM","UNIDADE","N.DE UPAs","MÍNIMO","MÉDIO","MÁXIMO","TOTAL"]
["Asininos E Muares","cabeças",13,{"v":1,"d":"1.0"},{"v":1.92,"d":"1.9"},{"v":6,"d":"6.0"},{"v":25,"d":"25.0"}]
["Avicultura de Corte","cabeças/ano",48,{"v":10000,"d":"10,000.0"},{"v":133687.5,"d":"133,687.5"},{"v":500000,"d":"500,000.0"},{"v":6417000,"d":"6,417,000.0"}]
["Bovinocultura de Corte","cabeças",10,{"v":20,"d":"20.0"},278.5,{"v":1500,"d":"1,500.0"},{"v":2785,"d":"2,785.0"}]
["Bovinocultura Leiteira","cabeças",6,{"v":4,"d":"4.0"},33.5,{"v":90,"d":"90.0"},{"v":201,"d":"201.0"}]
["Bovinocultura Mista","cabeças",129,{"v":1,"d":"1.0"},{"v":30.89,"d":"30.9"},{"v":200,"d":"200.0"},{"v":3985,"d":"3,985.0"}]
["Bubalinocultura","cabeças",1,{"v":3,"d":"3.0"},{"v":3,"d":"3.0"},{"v":3,"d":"3.0"},{"v":3,"d":"3.0"}]
["Caprinocultura","cabeças",2,{"v":10,"d":"10.0"},{"v":15,"d":"15.0"},{"v":20,"d":"20.0"},{"v":30,"d":"30.0"}]
["Equinocultura","cabeças",72,{"v":1,"d":"1.0"},{"v":4.22,"d":"4.2"},{"v":22,"d":"22.0"},{"v":304,"d":"304.0"}]
["Ovinocultura","cabeças",4,{"v":2,"d":"2.0"},{"v":23.25,"d":"23.3"},{"v":65,"d":"65.0"},{"v":93,"d":"93.0"}]
["Suinocultura","cabeças",32,{"v":2,"d":"2.0"},{"v":13.97,"d":"14.0"},{"v":150,"d":"150.0"},{"v":447,"d":"447.0"}]
["Fonte: Secretaria de Agricultura e Abastecimento, CDRS/IEA, Projeto LUPA."]
[]
["TABELA 356.3 -  Máquinas, Implementos e Benfeitorias, Município de Morungaba, Estado de São Paulo, 2007/08."]
["ITEM","UNIDADE","N.DE UPAs","MÍNIMO","MÉDIO","MÁXIMO","TOTAL"]
["Arado Comum (Bacia, Aiveca)","Unidade",34,{"v":1,"d":"1.0"},{"v":1.06,"d":"1.1"},{"v":2,"d":"2.0"},{"v":36,"d":"36.0"}]
["Arado Escarificador","Unidade",54,{"v":1,"d":"1.0"},{"v":1.33,"d":"1.3"},{"v":4,"d":"4.0"},{"v":72,"d":"72.0"}]
["Arado Subsolador","Unidade",9,{"v":1,"d":"1.0"},{"v":1.33,"d":"1.3"},{"v":2,"d":"2.0"},{"v":12,"d":"12.0"}]
["Batedeira de Cereais","Unidade",5,{"v":1,"d":"1.0"},1.2,{"v":2,"d":"2.0"},{"v":6,"d":"6.0"}]
["Colhedeira Acoplada","Unidade",12,{"v":1,"d":"1.0"},{"v":1.17,"d":"1.2"},{"v":2,"d":"2.0"},{"v":14,"d":"14.0"}]
["Colhedeira Automotriz","Unidade",5,{"v":1,"d":"1.0"},{"v":1,"d":"1.0"},{"v":1,"d":"1.0"},{"v":5,"d":"5.0"}]
["Conj.Irrigação Convencional","Unidade",4,{"v":1,"d":"1.0"},1.5,{"v":2,"d":"2.0"},{"v":6,"d":"6.0"}]
["Conj.Irrigação Pivot Central","Unidade",1,{"v":1,"d":"1.0"},{"v":1,"d":"1.0"},{"v":1,"d":"1.0"},{"v":1,"d":"1.0"}]
["Conjunto de Fenação","Unidade",3,{"v":1,"d":"1.0"},{"v":1,"d":"1.0"},{"v":1,"d":"1.0"},{"v":3,"d":"3.0"}]
["Desintegrador de Palha (Plantio Direto)","Unidade",1,{"v":1,"d":"1.0"},{"v":1,"d":"1.0"},{"v":1,"d":"1.0"},{"v":1,"d":"1.0"}]
["Desintegrador, Picador, Triturador","Unidade",64,{"v":1,"d":"1.0"},{"v":1.25,"d":"1.3"},{"v":4,"d":"4.0"},{"v":80,"d":"80.0"}]
["Distribuidor de Calcário","Unidade",7,{"v":1,"d":"1.0"},{"v":1,"d":"1.0"},{"v":1,"d":"1.0"},{"v":7,"d":"7.0"}]
["Ensiladeira","Unidade",9,{"v":1,"d":"1.0"},{"v":1.11,"d":"1.1"},{"v":2,"d":"2.0"},{"v":10,"d":"10.0"}]
["Grade Aradora (Tipo Romi)","Unidade",16,{"v":1,"d":"1.0"},{"v":1.06,"d":"1.1"},{"v":2,"d":"2.0"},{"v":17,"d":"17.0"}]
["Grade Niveladora","Unidade",30,{"v":1,"d":"1.0"},{"v":1.07,"d":"1.1"},{"v":2,"d":"2.0"},{"v":32,"d":"32.0"}]
["Implementos para Tração Animal","Unidade",5,{"v":1,"d":"1.0"},1.2,{"v":2,"d":"2.0"},{"v":6,"d":"6.0"}]
["Microtrator","Unidade",2,{"v":1,"d":"1.0"},1.5,{"v":2,"d":"2.0"},{"v":3,"d":"3.0"}]
["Misturador de Ração","Unidade",9,{"v":1,"d":"1.0"},{"v":1.22,"d":"1.2"},{"v":2,"d":"2.0"},{"v":11,"d":"11.0"}]
["Ordenhadeira Mecânica","Unidade",5,{"v":1,"d":"1.0"},{"v":1,"d":"1.0"},{"v":1,"d":"1.0"},{"v":5,"d":"5.0"}]
["Pulverizador Tratorizado","Unidade",14,{"v":1,"d":"1.0"},{"v":1.43,"d":"1.4"},{"v":3,"d":"3.0"},{"v":20,"d":"20.0"}]
["Resfriador de Leite, Tanque Expansão","Unidade",2,{"v":1,"d":"1.0"},1.5,{"v":2,"d":"2.0"},{"v":3,"d":"3.0"}]
["Semeadeira/Adubadeira para Plantio Convencional","Unidade",8,{"v":1,"d":"1.0"},{"v":1.13,"d":"1.1"},{"v":2,"d":"2.0"},{"v":9,"d":"9.0"}]
["Semeadeira/Plantadeira Plantio Direto","Unidade",9,{"v":1,"d":"1.0"},{"v":1.33,"d":"1.3"},{"v":3,"d":"3.0"},{"v":12,"d":"12.0"}]
["Terraceador","Unidade",2,{"v":1,"d":"1.0"},{"v":1,"d":"1.0"},{"v":1,"d":"1.0"},{"v":2,"d":"2.0"}]
["Trator de Esteiras","Unidade",1,{"v":1,"d":"1.0"},{"v":1,"d":"1.0"},{"v":1,"d":"1.0"},{"v":1,"d":"1.0"}]
["Trator de Pneus","Unidade",110,{"v":1,"d":"1.0"},{"v":1.28,"d":"1.3"},{"v":8,"d":"8.0"},{"v":141,"d":"141.0"}]
["Açude/Represa","Unidade",67,{"v":1,"d":"1.0"},{"v":1.85,"d":"1.9"},{"v":9,"d":"9.0"},{"v":124,"d":"124.0"}]
["Almoxarifado/Oficina","Unidade",15,{"v":1,"d":"1.0"},{"v":1.13,"d":"1.1"},{"v":2,"d":"2.0"},{"v":17,"d":"17.0"}]
["Armazém para Grãos Ensacados","Sacas",15,{"v":1,"d":"1.0"},{"v":153.93,"d":"153.9"},{"v":999,"d":"999.0"},{"v":2309,"d":"2,309.0"}]
["Balança para Bovinos","Unidade",5,{"v":1,"d":"1.0"},{"v":1,"d":"1.0"},{"v":1,"d":"1.0"},{"v":5,"d":"5.0"}]
["Barracão para Granja/Avicultura","Unidade",53,{"v":1,"d":"1.0"},{"v":2.32,"d":"2.3"},{"v":5,"d":"5.0"},{"v":123,"d":"123.0"}]
["Barracão/Galpão/Garagem","Unidade",102,{"v":1,"d":"1.0"},{"v":1.39,"d":"1.4"},{"v":6,"d":"6.0"},{"v":142,"d":"142.0"}]
["Casa de Moradia Habitada","Unidade",203,{"v":1,"d":"1.0"},{"v":2.42,"d":"2.4"},{"v":17,"d":"17.0"},{"v":492,"d":"492.0"}]
["Casa de Moradia Total","Unidade",205,{"v":1,"d":"1.0"},{"v":2.75,"d":"2.8"},{"v":20,"d":"20.0"},{"v":563,"d":"563.0"}]
["Curral/Mangueira","Unidade",91,{"v":1,"d":"1.0"},{"v":1.09,"d":"1.1"},{"v":3,"d":"3.0"},{"v":99,"d":"99.0"}]
["Depósito/Tulha","Unidade",45,{"v":1,"d":"1.0"},{"v":1.24,"d":"1.2"},{"v":4,"d":"4.0"},{"v":56,"d":"56.0"}]
["Engenho","Unidade",1,{"v":1,"d":"1.0"},{"v":1,"d":"1.0"},{"v":1,"d":"1.0"},{"v":1,"d":"1.0"}]
["Estábulo","Unidade",33,{"v":1,"d":"1.0"},{"v":1.18,"d":"1.2"},{"v":4,"d":"4.0"},{"v":39,"d":"39.0"}]
["Estufa/Plasticultura","m²",5,{"v":1,"d":"1.0"},302.4,{"v":1000,"d":"1,000.0"},{"v":1512,"d":"1,512.0"}]
["Fábrica de Ração","Unidade",2,{"v":1,"d":"1.0"},{"v":1,"d":"1.0"},{"v":1,"d":"1.0"},{"v":2,"d":"2.0"}]
["Instalações para Equinos","Unidade",20,{"v":1,"d":"1.0"},{"v":4.15,"d":"4.2"},{"v":15,"d":"15.0"},{"v":83,"d":"83.0"}]
["Máquina de Benefício","Unidade",5,{"v":1,"d":"1.0"},1.2,{"v":2,"d":"2.0"},{"v":6,"d":"6.0"}]
["Olaria","Unidade",1,{"v":1,"d":"1.0"},{"v":1,"d":"1.0"},{"v":1,"d":"1.0"},{"v":1,"d":"1.0"}]
["Pocilga","Unidade",38,{"v":1,"d":"1.0"},{"v":7.74,"d":"7.7"},{"v":250,"d":"250.0"},{"v":294,"d":"294.0"}]
["Poço Semi-Artesiano","Unidade",22,{"v":1,"d":"1.0"},{"v":1.14,"d":"1.1"},{"v":3,"d":"3.0"},{"v":25,"d":"25.0"}]
["Secador de Grãos","Unidade",8,{"v":1,"d":"1.0"},{"v":1.13,"d":"1.1"},{"v":2,"d":"2.0"},{"v":9,"d":"9.0"}]
["Silo para Grãos","t",2,{"v":5,"d":"5.0"},57.5,{"v":110,"d":"110.0"},{"v":115,"d":"115.0"}]
["Silo para Silagem","t",10,{"v":1,"d":"1.0"},56.4,{"v":250,"d":"250.0"},{"v":564,"d":"564.0"}]
["Terreiro","m²",21,{"v":1,"d":"1.0"},{"v":915.76,"d":"915.8"},{"v":8000,"d":"8,000.0"},{"v":19231,"d":"19,231.0"}]
["Fonte: Secretaria de Agricultura e Abastecimento, CDRS/IEA, Projeto LUPA."]
[]
["TABELA 356.4 - Outras Estatísticas Agrícolas, Município de Morungaba, Estado de São Paulo, 2007/08."]
["ITEM","Número de UPAs",null,"Percentual"]
["Faz Parte de Associação de Produtores",9,null,{"v":3.515625,"d":"3.5"}]
["Faz Parte de Cooperativa de Produtores",5,null,{"v":1.953125,"d":"2.0"}]
["Faz Parte do Sindicato de Produtores",12,null,{"v":4.6875,"d":"4.7"}]
["Não utiliza assistência técnica ",172,null,{"v":67.1875,"d":"67.2"}]
["Utiliza somente assistência técnica governamental ",37,null,{"v":14.453125,"d":"14.5"}]
["Utiliza somente assistência técnica privada ",39,null,{"v":15.234375,"d":"15.2"}]
["Utiliza assistência técnica tanto governamental quanto privada",8,null,{"v":3.125,"d":"3.1"}]
["Utiliza Crédito Rural",16,null,{"v":6.25,"d":"6.3"}]
["Utiliza Seguro Rural",1,null,{"v":0.390625,"d":"0.4"}]
["Utiliza Escrituração Agrícola",23,null,{"v":8.984375,"d":"9.0"}]
["Acessa Internet p/ Fins na Agropecuária",12,null,{"v":4.6875,"d":"4.7"}]
["Utiliza Computador nas Atividades Agropecuárias",5,null,{"v":1.953125,"d":"2.0"}]
["Utiliza Energia Elétrica Para Uso na Atividade Agrícola",206,null,{"v":80.46875,"d":"80.5"}]
["Realiza Análise de Solo, quando necessário",7,null,{"v":2.734375,"d":"2.7"}]
["Utiliza Práticas de Conservação de Solo, quando necessário",29,null,{"v":11.328125,"d":"11.3"}]
["Faz Adubação Mineral, quando necessário",42,null,{"v":16.40625,"d":"16.4"}]
["Faz Adubação Orgânica, quando necessário",40,null,{"v":15.625,"d":"15.6"}]
["Faz Adubação Verde, quando necessário",3,null,{"v":1.171875,"d":"1.2"}]
["Utiliza Manejo Integrado de Pragas (MIP)","-",null,"-"]
["Utiliza Hidroponia","-",null,"-"]
["Utiliza Plasticultura",4,null,{"v":1.5625,"d":"1.6"}]
["Utiliza Mudas Fiscalizadas",14,null,{"v":5.46875,"d":"5.5"}]
["Utiliza Semente Melhorada",53,null,{"v":20.703125,"d":"20.7"}]
["Faz Confinamento de Bovinos",5,null,{"v":1.953125,"d":"2.0"}]
["Utiliza Pastejo Intensivo",9,null,{"v":3.515625,"d":"3.5"}]
["Faz Inseminação Artificial",3,null,{"v":1.171875,"d":"1.2"}]
["Faz Mineralização do Rebanho",126,null,{"v":49.21875,"d":"49.2"}]
["Faz Vermifugação do Rebanho",128,null,{"v":50,"d":"50.0"}]
["Possui Parceiros /Arrendatários na Exploração Animal",3,null,{"v":1.171875,"d":"1.2"}]
["Esporte e lazer","-",null,"-"]
["Extração mineral",1,null,{"v":0.390625,"d":"0.4"}]
["Hotel Fazenda, Pousada ou SPA","-",null,"-"]
["Pesque-pague",1,null,{"v":0.390625,"d":"0.4"}]
["Restaurante ou Lanchonete",2,null,{"v":0.78125,"d":"0.8"}]
["Transformação artesanal","-",null,"-"]
["Turismo rural ou ecoturismo","-",null,"-"]
["Outras atividades econômicas rurais",1,null,{"v":0.390625,"d":"0.4"}]
["Agroindústria","-",null,"-"]
["Proprietário sem instrução ou com instrução incompleta",10,null,{"v":3.90625,"d":"3.9"}]
["Proprietário com antigo primário completo",102,null,{"v":39.84375,"d":"39.8"}]
["Proprietário com 1° grau (ou antigo ginasial) completo",24,null,{"v":9.375,"d":"9.4"}]
["Proprietário com 2° grau (ou antigo colegial) completo",48,null,{"v":18.75,"d":"18.8"}]
["Proprietário com curso superior completo ",68,null,{"v":26.5625,"d":"26.6"}]
["Pessoa Jurídica",4,null,{"v":1.5625,"d":"1.6"}]
["Proprietário residente na própria UPA ",57,null,{"v":22.265625,"d":"22.3"}]
["Fonte: Secretaria de Agricultura e Abastecimento, CDRS/IEA, Projeto LUPA."]
[]
["TABELA 356.5 - Área Cultivada, Município de Morungaba, Estado de São Paulo, 2007/08."]
["CULTURA","N.DE UPAs","MÍNIMO","MÉDIO","MÁXIMO","TOTAL"]
["Braquiaria",199,0.2,{"v":22.21,"d":"22.2"},547.2,{"v":4420.6,"d":"4,420.6"}]
["Eucalipto",53,0.1,{"v":31.13,"d":"31.1"},{"v":435,"d":"435.0"},{"v":1650.1,"d":"1,650.1"}]
["Milho",63,0.2,{"v":12.51,"d":"12.5"},193.6,788.2]
["Gramas",12,0.5,{"v":30.05,"d":"30.1"},{"v":294,"d":"294.0"},360.6]
["Capim-napier (ou capim-elefante)",21,0.4,{"v":12.52,"d":"12.5"},{"v":160,"d":"160.0"},262.9]
["Cafe",29,0.5,{"v":7.67,"d":"7.7"},75.6,222.4]
["Capim-gordura",4,{"v":1,"d":"1.0"},{"v":45.98,"d":"46.0"},117.4,183.9]
["Pinus",3,0.5,{"v":36.83,"d":"36.8"},{"v":100,"d":"100.0"},110.5]
["Couve-flor",2,{"v":7,"d":"7.0"},{"v":33.75,"d":"33.8"},60.5,67.5]
["Feijao-vagem (ou vagem, ou feijao-verde)",2,0.7,18.8,36.9,37.6]
["Laranja",3,2.4,11.4,21.8,34.2]
["Cana-de-acucar",11,0.5,{"v":2.85,"d":"2.9"},12.1,31.3]
["Laranja-azeda",1,24.2,24.2,24.2,24.2]
["Feijao",1,12.1,12.1,12.1,12.1]
["Milho-silagem",1,{"v":12,"d":"12.0"},{"v":12,"d":"12.0"},{"v":12,"d":"12.0"},{"v":12,"d":"12.0"}]
["Girassol",1,9.6,9.6,9.6,9.6]
["Abobora (ou jerimum)",1,4.8,4.8,4.8,4.8]
["Pomar domestico",6,0.1,{"v":0.57,"d":"0.6"},1.5,3.4]
["Pepino",1,2.4,2.4,2.4,2.4]
["Coloniao",1,{"v":2,"d":"2.0"},{"v":2,"d":"2.0"},{"v":2,"d":"2.0"},{"v":2,"d":"2.0"}]
["Goiaba",1,1.2,1.2,1.2,1.2]
["Horta domestica",1,{"v":1,"d":"1.0"},{"v":1,"d":"1.0"},{"v":1,"d":"1.0"},{"v":1,"d":"1.0"}]
["Abacate",1,{"v":1,"d":"1.0"},{"v":1,"d":"1.0"},{"v":1,"d":"1.0"},{"v":1,"d":"1.0"}]
["Manga",1,{"v":1,"d":"1.0"},{"v":1,"d":"1.0"},{"v":1,"d":"1.0"},{"v":1,"d":"1.0"}]
["Maracuja",2,0.2,{"v":0.35,"d":"0.4"},0.5,0.7]
["Outros viveiros",1,0.6,0.6,0.6,0.6]
["Acerola (ou cereja-das-antilhas)",1,0.1,0.1,0.1,0.1]
["Pimenta",1,0.1,0.1,0.1,0.1]
["Framboesa",1,0.1,0.1,0.1,0.1]
["Fonte: Secretaria de Agricultura e Abastecimento, CDRS/IEA, Projeto LUPA."]